| 000 | 00375nam a2200145Ia 4500 | ||
|---|---|---|---|
| 008 | 220217s9999||||xx |||||||||||||| ||und|| | ||
| 020 | _a81-7808-279-9 | ||
| 082 | _a511.6 JOH | ||
| 100 |
_aJohnsonbaugh, Richard _93468 |
||
| 245 | 0 | _aDiscrete mathematics | |
| 250 | _a5th | ||
| 260 |
_aPearson education asia _bDelhi _c2002 |
||
| 300 | _b325 | ||
| 650 | _aMATHEMATICS | ||
| 999 |
_c172256 _d172256 |
||